| 000 | 01581cam a2200457 4500 | ||
|---|---|---|---|
| 999 |
_c23433 _d23433 |
||
| 001 | vtls012078061 | ||
| 005 | 20221011072633.0 | ||
| 008 | 211119s2021 xo gr 010 f slo | ||
| 020 |
_a9788055179094 _q(viazané) |
||
| 040 |
_aTVZK _bslo _cTVZK _dSNK _erda |
||
| 041 | 1 |
_aslo _heng |
|
| 044 |
_axo _cSK |
||
| 072 | 7 |
_a821-111-3 _xAnglická próza, anglicky písaná _2konspekt |
|
| 072 | 7 |
_a929 _xBiografie _2konspekt |
|
| 080 |
_a323.12"1939/1945" _22011 |
||
| 080 |
_a(=411.16) _22011 |
||
| 080 |
_a821.111(931)-31 _22011 |
||
| 080 |
_a821-312.6 _22011 |
||
| 100 | 1 |
_aMorris, Heather, _d1953- _4aut _93648 |
|
| 240 | 1 | 0 |
_aStories of Hope _lSlovensky |
| 245 | 1 | 0 |
_aPríbeh nádeje _bako nájsť inšpiráciu v každodennom živote _cHeather Morrisová ; preložila Zdenka Buntová |
| 264 | 1 |
_aBratislava _bIkar _c2021 |
|
| 300 |
_a243 strán _c21 cm |
||
| 336 |
_atext _btxt _2rdacontent |
||
| 337 |
_abez média _bn _2rdamedia |
||
| 338 |
_azväzok _bnc _2rdacarrier |
||
| 500 | _aPreložené z angličtiny | ||
| 500 | _aObálkový podnázov | ||
| 600 | 1 | 0 |
_aSokolov, Ludwig Lale, _d1916-2006 _2SNKMA _93649 |
| 650 | 0 | 7 |
_aholokaust (1939-1945) _2SNKPH _91733 |
| 650 | 7 |
_aŽidia _2SNKPH _91732 |
|
| 650 | 0 | 7 |
_aHolocaust, 1939-1945 _2SNKPHeng _91738 |
| 650 | 7 |
_aJews _2SNKPHeng _91737 |
|
| 655 | 7 |
_anovozélandské romány _2SNKPH _93650 |
|
| 655 | 7 |
_abiografické romány _2SNKPH _92126 |
|
| 655 | 7 |
_aNew Zealand fiction _2SNKPHeng _93651 |
|
| 655 | 7 |
_aBiographical novels _2SNKPHeng _92127 |
|
| 700 | 1 |
_aBuntová, Zdenka, _d1951- _4trl _92894 |
|
| 958 | _aLX | ||
| 958 | _aUP | ||